Structural Identification of Organic Compounds with Spectroscopic Techniques With a Foreword by Nobel Prize Winner, Richard R. Ernst

Gespeichert in:
Bibliographische Detailangaben
1. Verfasser: Ning, Yong-Cheng
Format: Buch
Sprache:Englisch
Veröffentlicht: Weinheim Wiley-VCH Verlag 2005
Ausgabe:1. vyd.
Online-Zugang:Im OPAC anzeigen
Tags: Tag hinzufügen
Keine Tags, Fügen Sie das erste Tag hinzu!

MARC

LEADER 00000nam a2200000 a 4500
005 20260127134410.0
008 050404 2005 gw 000 0 eng d
020 |a 3527312404 
035 |a vtls001522057 
039 9 |a 200602061402  |b msavuk01  |y 200504041009  |z mschk03 
040 |a STUSCHK1  |b slo  |c STUSCHK1  |e AACR2 
080 |a 543.422.25 
100 1 |a Ning, Yong-Cheng 
245 1 |a Structural Identification of Organic Compounds with Spectroscopic Techniques  |b With a Foreword by Nobel Prize Winner, Richard R. Ernst 
250 |a 1. vyd. 
260 |a Weinheim  |b Wiley-VCH Verlag  |c 2005 
300 |a 452 s. 
910 |a SCHK95 
910 |a savuk 
919 |a 3-527-31240-4 
999 |c 11786  |d 11786